000 00758 a2200217 4500
999 _c4896
_d4896
020 _a9781868887491
050 0 0 _aP 119.32 LAN 2014
100 _aAlexander, Neville
_eeditor
245 0 0 _aLanguage policy and the promotion of peace :
_bAfrican and European case studies /
_cNeville Alexander and Arnulf von Scheliha.
264 1 _aPretoria:
_bUnisa Press,
_c2014
300 _a135p. ;
500 _aIncludes bibliographical references
504 _aIncludes bibliographical references
650 0 _aLanguage policy
650 0 _aLanguage policy
650 0 _aSociolinguistics.
650 0 _aLanguage and languages
_xPolitical aspects.
650 0 _aConflict management.
700 1 _aScheliha, Arnulf von,
_eeditor.
942 _2lcc
_cBK
_h119.32
_iLAN
_kP